00374pab a2200133 454500008004000000100002200040245003900062260000900101300001300110362001100123650004400134650002800178773003400206180718b2008 xxu||||| |||| 00| 0 eng d aBanerjee, Sumanta aGuess who's calling Us for dinner? c2008 ap.22-23. a15 Nov aUnited States - Politics and government aPolitics and government aEconomic and Political Weekly